000 003600000a22001570004500
001 000010
003 MACL
040 _aMACL
090 _c10
_d10
100 _aOmprakash, S.
245 _aRoots of Riots
_bEssays In Community Psychology
_cS. Omprakash
260 _aKanishka Publications,
_c1997
350 _a425
650 _aPhychology
942 _k150
_cBook
999 _c49317
_d49317